<?xml version="1.0" encoding="UTF-8"?>
<record
    xmlns:xsi="http://www.w3.org/2001/XMLSchema-instance"
    xsi:schemaLocation="http://www.loc.gov/MARC21/slim http://www.loc.gov/standards/marcxml/schema/MARC21slim.xsd"
    xmlns="http://www.loc.gov/MARC21/slim">

  <leader>00815nam a2200253 a 4500</leader>
  <controlfield tag="005">20200104041537.0</controlfield>
  <controlfield tag="008">140307b2001    nq ||||| |||| 00| 0 spa d</controlfield>
  <datafield tag="040" ind1=" " ind2=" ">
    <subfield code="a">CO-BoIAVH </subfield>
    <subfield code="c">CO-BoIAVH </subfield>
  </datafield>
  <datafield tag="041" ind1=" " ind2=" ">
    <subfield code="a">spa</subfield>
  </datafield>
  <datafield tag="044" ind1=" " ind2=" ">
    <subfield code="a">nq</subfield>
  </datafield>
  <datafield tag="082" ind1="1" ind2="4">
    <subfield code="a">333.951607285</subfield>
    <subfield code="b">E82e</subfield>
  </datafield>
  <datafield tag="110" ind1="2" ind2=" ">
    <subfield code="a">Nicaragua</subfield>
    <subfield code="b">Ministerio del Ambiente y los Recursos Naturales</subfield>
  </datafield>
  <datafield tag="245" ind1="1" ind2="0">
    <subfield code="a">Estrategia nacional de biodiversidad Nicaragua</subfield>
  </datafield>
  <datafield tag="260" ind1=" " ind2=" ">
    <subfield code="a">Managua:</subfield>
    <subfield code="b">MARENA,</subfield>
    <subfield code="b">PNUD,</subfield>
    <subfield code="c">2001.</subfield>
  </datafield>
  <datafield tag="300" ind1=" " ind2=" ">
    <subfield code="a">99 p&#xE1;ginas</subfield>
  </datafield>
  <datafield tag="650" ind1="1" ind2=" ">
    <subfield code="a">Estrategias nacionales de biodiversidad</subfield>
    <subfield code="z">Nicaragua</subfield>
  </datafield>
  <datafield tag="650" ind1=" " ind2=" ">
    <subfield code="a">Planificaci&#xF3;n ambiental</subfield>
    <subfield code="z">Nicaragua</subfield>
  </datafield>
  <datafield tag="650" ind1=" " ind2=" ">
    <subfield code="a">Planes de acci&#xF3;n</subfield>
  </datafield>
  <datafield tag="650" ind1=" " ind2=" ">
    <subfield code="a">Areas protegidas</subfield>
    <subfield code="z">Nicaragua</subfield>
  </datafield>
  <datafield tag="650" ind1=" " ind2=" ">
    <subfield code="a">Biocomercio</subfield>
  </datafield>
  <datafield tag="651" ind1=" " ind2=" ">
    <subfield code="a">Nicaragua</subfield>
  </datafield>
  <datafield tag="662" ind1=" " ind2=" ">
    <subfield code="a">Nicaragua</subfield>
  </datafield>
  <datafield tag="942" ind1=" " ind2=" ">
    <subfield code="c">LIBRO</subfield>
    <subfield code="2">ddc</subfield>
  </datafield>
  <datafield tag="999" ind1=" " ind2=" ">
    <subfield code="c">2952</subfield>
    <subfield code="d">2952</subfield>
  </datafield>
  <datafield tag="952" ind1=" " ind2=" ">
    <subfield code="0">0</subfield>
    <subfield code="1">0</subfield>
    <subfield code="2">ddc</subfield>
    <subfield code="4">0</subfield>
    <subfield code="7">0</subfield>
    <subfield code="8">GENERAL</subfield>
    <subfield code="I">INV2017</subfield>
    <subfield code="a">Bogota</subfield>
    <subfield code="b">Bogota</subfield>
    <subfield code="d">2002-10-24</subfield>
    <subfield code="e">Instituto</subfield>
    <subfield code="g">39000.00</subfield>
    <subfield code="l">0</subfield>
    <subfield code="o">LB-333.951607285 E82e</subfield>
    <subfield code="p">003424</subfield>
    <subfield code="r">2012-12-04 00:00:00</subfield>
    <subfield code="t">Ej. 1</subfield>
    <subfield code="w">2012-12-04</subfield>
    <subfield code="x">Donaci&#xF3;n</subfield>
    <subfield code="y">LIBRO</subfield>
  </datafield>
</record>
